Statistiques concernant Les mots de la langue française terminés par "don"

Cliquez ici pour prendre le quiz!

Statistiques générales

  • Ce quiz a été pris 397 fois
  • Le résultat moyen est 11 sur 20

Statistiques - réponses

IndiceMot% Correct
excusepardon
88%
cadeaudon
86%
dieu de l'amourCupidon
78%
dieu de la merPoséidon
77%
de la farcedindon
72%
pièce de literieédredon
72%
glucideamidon
65%
table basseguéridon
65%
plante épineusechardon
61%
insecte volantbourdon
60%
bicycletteguidon
60%
poissonespadon
53%
Achilletendon
49%
recipientbidon
42%
poissongardon
41%
gazradon
34%
petit enfantlardon
32%
il peut être bleucordon
24%
drainredon
16%
parfois de familleabandon
12%

Distribution des résultats

Percentile par nombre de réponses

% des personnes avec chaque résultat

Votre développement - résultats

Vous n’avez pas pris ce quiz